000 00348nam a2200145Ia 4500
008 191201s2011 xx 000 0 und d
082 _a620.040
_bREI
100 _aREDDY,J.N
245 0 _aIntroduction to the Finite Element Method
250 _aRep
260 _aN. Delhi
_bTMH
_c2011
300 _a766
650 _aM.Tech (ECE)
942 _2ddc
_cBK
999 _c5024
_d5024